Normal view
MARC view
- Marriott, Betty Bowers
Entry Personal Name
001 - CONTROL NUMBER
- control field: 115645
003 - CONTROL NUMBER IDENTIFIER
- control field: NUST
005 - DATE AND TIME OF LATEST TRANSACTION
- control field: 20230912165446.0
008 - FIXED-LENGTH DATA ELEMENTS
- fixed length control field: 230912|| aca||aabn | a|a d
040 ## - CATALOGING SOURCE
- Original cataloging agency: NUST
- Transcribing agency: NUST
100 ## - HEADING--PERSONAL NAME
- Personal name: Marriott, Betty Bowers
670 ## - SOURCE DATA FOUND
- Source citation: Work cat.: (NUST): Marriott, Betty Bowers., Environmental impact assessment /, 2013
